[Event "Interclubs Adultes"]
[Site "MIGNE-AUXANCES"]
[Date "16.??.??"]
[Round "9.4"]
[White "Picard, Romain"]
[Black "Berthelot, Yannick"]
[Result "1/2-1/2"]
[WhiteElo "2352"]
[BlackElo "2317"]
[PlyCount "37"]
[EventDate "16.??.??"]
[WhiteTeam "Migné-Auxances"]
[BlackTeam "Drancy"]

1. e4 c5 2. Nf3 Nc6 3. Bb5 e6 4. O-O Nge7 5. c3 a6 6. Be2 d5 7. exd5 Nxd5 8. d4
Nf6 9. Ne5 cxd4 10. Nxc6 bxc6 11. cxd4 Be7 12. Nc3 Nd5 13. Ne4 O-O 14. Bc4 a5
15. b3 Ba6 16. Bxa6 Rxa6 17. Bb2 Qb6 18. Qe2 Ra7 19. Nc5 1/2-1/2

[Event "Interclubs Adultes"]
[Site "MIGNE-AUXANCES"]
[Date "16.??.??"]
[Round "9.5"]
[White "Karr, Jean-Philippe"]
[Black "Borzakian, Manouk"]
[Result "1-0"]
[WhiteElo "2395"]
[BlackElo "2217"]
[PlyCount "109"]
[EventDate "16.??.??"]
[WhiteTeam "Drancy"]
[BlackTeam "Migné-Auxances"]

1. d4 d6 2. Nf3 g6 3. c4 Nf6 4. Nc3 Bg7 5. e4 O-O 6. Be2 e5 7. O-O Na6 8. Be3
Ng4 9. Bg5 Qe8 10. dxe5 dxe5 11. Nd2 f6 12. Bh4 Nh6 13. a3 c6 14. b4 Nc7 15. c5
Nf7 16. f3 Qe7 17. Nb3 Ne6 18. Bc4 Rd8 19. Qc2 Nd4 20. Nxd4 Rxd4 21. Qb3 Kf8
22. Bf2 Rd8 23. b5 Ng5 24. bxc6 bxc6 25. Qa4 Qc7 26. Rfd1 Be6 27. Nd5 cxd5 28.
exd5 Bd7 29. c6 Nf7 30. cxd7 Nd6 31. Ba6 Qxd7 32. Qxd7 Rxd7 33. Rac1 Kf7 34.
Rc6 Bf8 35. Rdc1 Bh6 36. Rc7 Ke7 37. R1c3 Kd8 38. Rxd7+ Kxd7 39. Rb3 f5 40. Bc5
e4 41. Bb7 Rg8 42. Bc6+ Kc7 43. Bxa7 Nc4 44. Rb7+ Kd6 45. Rxh7 Be3+ 46. Bxe3
Nxe3 47. Rd7+ Ke5 48. fxe4 fxe4 49. Re7+ Kd4 50. d6 Nf5 51. Rxe4+ Kc5 52. d7
Rb8 53. Re8 Rb1+ 54. Kf2 Rb2+ 55. Ke1 1-0

[Event "Interclubs Adultes"]
[Site "MIGNE-AUXANCES"]
[Date "16.??.??"]
[Round "9.6"]
[White "Picard, Clement"]
[Black "Borne, Niels"]
[Result "1/2-1/2"]
[WhiteElo "2199"]
[BlackElo "2316"]
[PlyCount "35"]
[EventDate "16.??.??"]
[WhiteTeam "Migné-Auxances"]
[BlackTeam "Drancy"]

1. e4 c6 2. d4 d5 3. Nc3 dxe4 4. Nxe4 Bf5 5. Ng3 Bg6 6. h4 h6 7. Nf3 Nd7 8. h5
Bh7 9. Bd3 Bxd3 10. Qxd3 e6 11. Bd2 Ngf6 12. O-O-O Be7 13. Ne4 O-O 14. Kb1 c5
15. Nxf6+ Nxf6 16. Bc1 cxd4 17. Nxd4 Qb6 18. Qf3 1/2-1/2

[Event "Interclubs Adultes"]
[Site "MIGNE-AUXANCES"]
[Date "16.??.??"]
[Round "9.7"]
[White "Giffard, Nicolas"]
[Black "Saada, Julien"]
[Result "1/2-1/2"]
[WhiteElo "2389"]
[BlackElo "2267"]
[PlyCount "243"]
[EventDate "16.??.??"]
[WhiteTeam "Drancy"]
[BlackTeam "Migné-Auxances"]

1. Nf3 d5 2. c4 c6 3. Na3 Nf6 4. g3 Bg4 5. Bg2 Nbd7 6. O-O e6 7. cxd5 exd5 8.
Nc2 Be7 9. Ne3 Bxf3 10. Bxf3 Ne5 11. Bg2 Qd7 12. b3 O-O 13. Bb2 Qe6 14. Nc2
Nfd7 15. f4 Ng4 16. h3 Nh6 17. g4 f5 18. g5 Nf7 19. Qe1 Bc5+ 20. Kh1 Nd6 21.
Bf3 a5 22. a4 Rfe8 23. d3 Bb6 24. Nd4 Qe3 25. Nc2 Qe7 26. Bh5 Rf8 27. Qc3 Rac8
28. Bf3 Rc7 29. h4 Nc5 30. b4 axb4 31. Qxb4 Nc8 32. Be5 Rd7 33. a5 Bd8 34. Bb2
Ne6 35. Qd2 Bc7 36. e3 Nc5 37. Qc3 Na7 38. Ra2 Nb5 39. Qd2 Ra8 40. h5 Nb3 41.
Qd1 Rxa5 42. Rxa5 Bxa5 43. Rf2 Bc3 44. Bxc3 Nxc3 45. Qe1 Nb5 46. Nb4 N3d4 47.
Bd1 Rd8 48. Qd2 Ne6 49. d4 Nd6 50. Re2 Ne4 51. Qe1 Ng3+ 52. Qxg3 Qxb4 53. g6 h6
54. Bc2 Re8 55. Rg2 Rf8 56. Qh3 Qc3 57. Bxf5 Nc7 58. Be6+ Kh8 59. Bf7 Ne8 60.
Qe6 Qe1+ 61. Kh2 Qh4+ 62. Qh3 Qe7 63. Qe6 Qh4+ 64. Qh3 Qe7 65. Qe6 Qd8 66. Kh3
Nd6 67. f5 Ne4 68. Qe5 Ng5+ 69. Kg4 Nxf7 70. gxf7 Qg5+ 71. Kf3 Qxh5+ 72. Kg3
Qxf7 73. Rf2 Re8 74. Qf4 Re4 75. Qb8+ Kh7 76. Rf3 Qh5 77. f6 Qh4+ 78. Kg2 Rg4+
79. Kf1 Qh1+ 80. Ke2 Rg2+ 81. Rf2 Rxf2+ 82. Kxf2 Qh4+ 83. Ke2 Qxf6 84. Qxb7 h5
85. Qd7 Qg6 86. Qe7 Qg4+ 87. Kd2 h4 88. Kc3 Qh5 89. Qd6 h3 90. Qh2 Qf3 91. Qe5
Qg4 92. Kb4 Qg6 93. Kc5 Kh6 94. Kb6 Qf6 95. Qg3 Qe6 96. Qh4+ Kg6 97. Qg3+ Kf7
98. Kc5 g5 99. Kb6 Kg6 100. Kc5 Kh5 101. Kb6 Qf6 102. Qxh3+ Kg6 103. Qg3 Qe6
104. Kc5 g4 105. Kb6 Qf5 106. Kxc6 Kg5 107. Qb8 Qe6+ 108. Kc5 Qxe3 109. Kxd5 g3
110. Qd8+ Kg4 111. Qd7+ Kf3 112. Qh3 Kf2 113. Qh4 Qf3+ 114. Kc5 Kg1 115. d5
Qe3+ 116. Kc6 g2 117. d6 Kf1 118. Qf6+ Ke1 119. Qa1+ Kf2 120. Qf6+ Qf3+ 121.
Qxf3+ Kxf3 122. d7 1/2-1/2

[Event "Interclubs Adultes"]
[Site "MIGNE-AUXANCES"]
[Date "16.??.??"]
[Round "9.8"]
[White "Boulan, Laura"]
[Black "Lefevre, Margaux"]
[Result "1-0"]
[WhiteElo "1894"]
[BlackElo "1954"]
[PlyCount "85"]
[EventDate "16.??.??"]
[WhiteTeam "Migné-Auxances"]
[BlackTeam "Drancy"]

1. e4 c5 2. Nf3 Nc6 3. d4 cxd4 4. Nxd4 Nf6 5. Nc3 d6 6. Bg5 e6 7. Qd2 a6 8.
O-O-O Nxd4 9. Qxd4 Be7 10. f3 O-O 11. h4 b5 12. Kb1 Qa5 13. Qd2 b4 14. Ne2 h6
15. Be3 d5 16. e5 Nd7 17. Bd4 Qc7 18. f4 Nc5 19. g4 Ne4 20. Qe3 Rb8 21. Nc1 Bd7
22. Bd3 Nc5 23. f5 Nxd3 24. Qxd3 Bb5 25. Qd2 Bc5 26. Bxc5 Qxc5 27. f6 Rfd8 28.
fxg7 Kxg7 29. Nb3 Qc7 30. Rde1 a5 31. Nd4 Ba6 32. h5 Qe7 33. Nf3 f6 34. exf6+
Qxf6 35. Ne5 Bb5 36. g5 hxg5 37. Rhg1 Kh7 38. Rxg5 Rg8 39. Rg6 Rxg6 40. hxg6+
Kg7 41. Ng4 Qxg6 42. Qd4+ Kf8 43. Qf4+ 1-0

[Event "Interclubs Adultes"]
[Site "NANTES"]
[Date "5.??.??"]
[Round "10.1"]
[White "Vojinovic, Goran"]
[Black "Le Roux, Jean-Pierre"]
[Result "1/2-1/2"]
[WhiteElo "2468"]
[BlackElo "2482"]
[PlyCount "65"]
[EventDate "5.??.??"]
[WhiteTeam "Deauville"]
[BlackTeam "Guingamp"]

1. d4 d5 2. c4 c6 3. Nf3 Nf6 4. e3 e6 5. Nbd2 c5 6. dxc5 Bxc5 7. a3 O-O 8. b4
Be7 9. Bb2 a5 10. b5 a4 11. Qc2 Nbd7 12. cxd5 Nxd5 13. e4 Nf4 14. g3 Ng6 15. h4
Bf6 16. Be2 b6 17. Nc4 Qc7 18. Bxf6 gxf6 19. Nfd2 Bb7 20. Rc1 Rfd8 21. Qb2 Nc5
22. O-O Ne5 23. Qc3 Rac8 24. Qe3 Nxc4 25. Rxc4 Qe5 26. Rb4 f5 27. Nc4 Qxe4 28.
Qg5+ Kh8 29. Qf6+ Kg8 30. Qg5+ Kf8 31. Qh6+ Kg8 32. Qg5+ Kf8 33. Qh6+ 1/2-1/2

[Event "Interclubs Adultes"]
[Site "NANTES"]
[Date "5.??.??"]
[Round "10.2"]
[White "Dumitrache, Dragos-Nicolae"]
[Black "Tirard, Hugo"]
[Result "1-0"]
[WhiteElo "2508"]
[BlackElo "2468"]
[PlyCount "61"]
[EventDate "5.??.??"]
[WhiteTeam "Guingamp"]
[BlackTeam "Deauville"]

1. d4 Nf6 2. Nf3 c5 3. d5 b5 4. Bg5 Qb6 5. c3 Ne4 6. Nbd2 Nxg5 7. Nxg5 e6 8. e4
Be7 9. Qh5 Bxg5 10. Qxg5 O-O 11. Bd3 d6 12. O-O h6 13. Qg3 c4 14. Bc2 Nd7 15.
a4 exd5 16. exd5 Nf6 17. axb5 Qxb5 18. Rfd1 Bg4 19. f3 Qb7 20. Rac1 Bd7 21.
Nxc4 Qb5 22. Nxd6 Qc5+ 23. Kh1 a5 24. Ne4 Nxe4 25. fxe4 Ra6 26. e5 f5 27. e6
Bc8 28. c4 a4 29. Rf1 Qxc4 30. Bd3 Qxd5 31. e7 1-0

[Event "Interclubs Adultes"]
[Site "NANTES"]
[Date "5.??.??"]
[Round "10.3"]
[White "Geenen, Marc"]
[Black "De Sousa, Jose-Claude"]
[Result "1/2-1/2"]
[WhiteElo "2308"]
[BlackElo "2287"]
[PlyCount "128"]
[EventDate "5.??.??"]
[WhiteTeam "Deauville"]
[BlackTeam "Guingamp"]

1. e4 c5 2. Nf3 Nc6 3. d4 cxd4 4. Nxd4 Qc7 5. c4 Nf6 6. Nc3 e6 7. Be3 d6 8. Be2
Ne5 9. Ndb5 Qb8 10. c5 dxc5 11. f4 Nc6 12. e5 Nd5 13. Nxd5 exd5 14. Qxd5 Be6
15. Qe4 a6 16. f5 axb5 17. fxe6 fxe6 18. Bxb5 Qc7 19. O-O-O Be7 20. Bc4 Qxe5
21. Qxe5 Nxe5 22. Bxe6 Rd8 23. Rxd8+ Kxd8 24. Rd1+ Kc7 25. Rd5 Bd6 26. Bxc5
Bxc5 27. Rxc5+ Nc6 28. Rd5 Re8 29. Rd7+ Kb6 30. Bd5 Re1+ 31. Kd2 Rb1 32. Kc2
Rh1 33. Bxc6 Kxc6 34. Rxg7 Rxh2 35. Kc3 Rh1 36. Rg3 Rc1+ 37. Kb4 Re1 38. Rc3+
Kb6 39. Rc2 Re7 40. Kc4 Kc6 41. Kd3+ Kd5 42. b4 Rg7 43. Rc5+ Kd6 44. Rh5 Rxg2
45. Rxh7 Rxa2 46. Rxb7 Kc6 47. Rb8 Rh2 48. Kc4 Rh4+ 49. Kb3 Kc7 50. Rg8 Kb6 51.
Rg6+ Kb7 52. Ka4 Rh5 53. Rf6 Rg5 54. Rf7+ Kb6 55. Rf6+ Kb7 56. Rd6 Rh5 57. Kb3
Kc7 58. Rd4 Kc6 59. Kc4 Rg5 60. Rh4 Kb6 61. Rh6+ Kb7 62. Re6 Rh5 63. Re7+ Kb6
64. Re6+ Kb7 1/2-1/2

[Event "Interclubs Adultes"]
[Site "NANTES"]
[Date "5.??.??"]
[Round "10.4"]
[White "Terrieux, Kevin"]
[Black "Colin, Vincent"]
[Result "0-1"]
[WhiteElo "2372"]
[BlackElo "2408"]
[PlyCount "80"]
[EventDate "5.??.??"]
[WhiteTeam "Guingamp"]
[BlackTeam "Deauville"]

1. d4 Nf6 2. c4 g6 3. Nc3 Bg7 4. e4 d6 5. Be2 O-O 6. Bg5 Na6 7. g4 c5 8. d5 e6
9. h3 exd5 10. exd5 Re8 11. Nf3 Qb6 12. Qc2 h5 13. Bxf6 Bxf6 14. Rg1 hxg4 15.
hxg4 Nb4 16. Qd2 Nd3+ 17. Kf1 Qxb2 18. Qxb2 Nxb2 19. Nb5 Rd8 20. Rb1 a6 21. Na3
b5 22. cxb5 axb5 23. Nxb5 Bb7 24. a3 Bxd5 25. g5 Bg7 26. Nd2 Bc6 27. Rg3 d5 28.
Nb3 Bxb5 29. Bxb5 Rxa3 30. Nxc5 Rxg3 31. fxg3 Nc4 32. Bxc4 dxc4 33. Ke2 Re8+
34. Kf3 Rc8 35. Na4 c3 36. Ke2 Rc4 37. Nb6 Rc5 38. Kd3 Rxg5 39. Rg1 c2 40. Nc4
Rxg3+ 0-1

[Event "Interclubs Adultes"]
[Site "NANTES"]
[Date "5.??.??"]
[Round "10.5"]
[White "Godard, Maxence"]
[Black "Alanic, Xavier"]
[Result "1-0"]
[WhiteElo "2335"]
[BlackElo "2304"]
[PlyCount "97"]
[EventDate "5.??.??"]
[WhiteTeam "Deauville"]
[BlackTeam "Guingamp"]

1. c4 c5 2. g3 g6 3. Bg2 Bg7 4. Nc3 Nc6 5. d3 e5 6. a3 Nge7 7. Rb1 a5 8. e3 O-O
9. Nge2 d6 10. O-O Be6 11. Nd5 Rb8 12. Nec3 h6 13. Bd2 f5 14. b4 axb4 15. axb4
cxb4 16. Nb5 Qd7 17. Qb3 g5 18. Nxe7+ Qxe7 19. Bxb4 Nxb4 20. Qxb4 Rfd8 21. Nc3
Qf7 22. Qa5 e4 23. dxe4 b6 24. Qb4 Bxc4 25. Rbd1 Bxc3 26. Qxc3 fxe4 27. Bxe4 d5
28. Bg2 b5 29. Rd4 Ra8 30. Rfd1 Ra2 31. R4d2 Rxd2 32. Rxd2 Qg7 33. Rd4 Qg6 34.
h4 Rf8 35. Qd2 gxh4 36. Rxh4 Qb1+ 37. Kh2 Qa2 38. Rg4+ Kh7 39. Qd4 Rg8 40. Rf4
Rg7 41. Bh3 Qa7 42. Bf5+ Kg8 43. Qe5 Rg5 44. Qe8+ Kg7 45. Bh3 d4 46. Qf8+ Kh7
47. Bf5+ Rxf5 48. Qxf5+ Kh8 49. Rxd4 1-0

[Event "Interclubs Adultes"]
[Site "NANTES"]
[Date "5.??.??"]
[Round "10.6"]
[White "Bodenez, Vincent"]
[Black "Amoyal, Pierre"]
[Result "1-0"]
[WhiteElo "2173"]
[BlackElo "2191"]
[PlyCount "131"]
[EventDate "5.??.??"]
[WhiteTeam "Guingamp"]
[BlackTeam "Deauville"]

1. e4 c5 2. Nf3 d6 3. d4 cxd4 4. Nxd4 Nf6 5. Nc3 g6 6. Be3 Bg7 7. f3 O-O 8. Bc4
Nc6 9. Qe2 Na5 10. Bd3 e5 11. Nb3 Be6 12. O-O a6 13. Rfd1 Rc8 14. Qf2 Nc4 15.
Bxc4 Bxc4 16. Bb6 Qe7 17. Na5 Be6 18. Qd2 Ne8 19. Rac1 f5 20. Nd5 Qf7 21. c4
Kh8 22. c5 g5 23. exf5 Bxf5 24. cxd6 Nxd6 25. Ne3 Nb5 26. Bc5 Rg8 27. Nxf5 Qxf5
28. Nxb7 g4 29. a4 Nd4 30. Bxd4 Rxc1 31. Rxc1 exd4 32. fxg4 Qxg4 33. Nd6 Qe6
34. Nc4 Qd5 35. Qd3 Bf6 36. Rc2 Re8 37. b3 Qe6 38. Rf2 Bg7 39. h3 Rb8 40. Re2
Qf6 41. Qg3 Rd8 42. Qd3 Rf8 43. Nd2 Rc8 44. Nf3 Kg8 45. Rc2 Rc3 46. Qe4 Rxc2
47. Qxc2 Qe6 48. Qc4 Qxc4 49. bxc4 d3 50. Kf2 Bh6 51. Ne5 d2 52. Ke2 Kf8 53.
Nf3 Ke7 54. Nxd2 Kd6 55. Ne4+ Kc6 56. Kd3 Bg7 57. g4 Be5 58. h4 Bg7 59. g5 h6
60. h5 hxg5 61. Nxg5 Bf6 62. Ne4 Bg7 63. a5 Bh6 64. Kd4 Bg7+ 65. Ke3 Bh6+ 66.
Kf3 1-0

[Event "Interclubs Adultes"]
[Site "NANTES"]
[Date "5.??.??"]
[Round "10.7"]
[White "Fruteau, Sabine"]
[Black "Capitaine, Adrien"]
[Result "0-1"]
[WhiteElo "2155"]
[BlackElo "2147"]
[PlyCount "64"]
[EventDate "5.??.??"]
[WhiteTeam "Deauville"]
[BlackTeam "Guingamp"]

1. e4 e5 2. Nf3 Nc6 3. Bb5 f5 4. d4 fxe4 5. Nxe5 Nf6 6. O-O Bd6 7. f4 exf3 8.
Nxf3 O-O 9. Bc4+ Kh8 10. Nc3 Be7 11. Ng5 Qe8 12. Nb5 Bd8 13. Bf4 d6 14. Re1 Qg6
15. Bd3 Bf5 16. Ne6 Rf7 17. d5 Bxd3 18. cxd3 Nxd5 19. Bg3 a6 20. Nf4 Rxf4 21.
Bxf4 Nxf4 22. Qf3 axb5 23. Qxf4 Bf6 24. Re2 Qxd3 25. Rae1 Ne5 26. b3 Qg6 27.
Rd1 Ng4 28. h3 Ne5 29. Rf1 h6 30. Qb4 Qd3 31. Rd2 Qe3+ 32. Kh1 c5 0-1

[Event "Interclubs Adultes"]
[Site "NANTES"]
[Date "5.??.??"]
[Round "10.8"]
[White "Le Diouron, Aurelie"]
[Black "Helie, Marc"]
[Result "1/2-1/2"]
[WhiteElo "2016"]
[BlackElo "2148"]
[PlyCount "62"]
[EventDate "5.??.??"]
[WhiteTeam "Guingamp"]
[BlackTeam "Deauville"]

1. e4 c5 2. Nf3 e6 3. d4 cxd4 4. Nxd4 Nc6 5. Be3 Qc7 6. Bd3 a6 7. O-O Nf6 8.
Nxc6 bxc6 9. f4 d5 10. e5 Nd7 11. Qg4 c5 12. Nd2 Bb7 13. Nf3 O-O-O 14. Ng5 c4
15. Nxf7 cxd3 16. Nxh8 Bc5 17. Bxc5 Qxc5+ 18. Kh1 Qe7 19. Ng6 hxg6 20. cxd3 d4
21. Qxg6 Rh8 22. Qg3 Nb6 23. f5 exf5 24. Rac1+ Kb8 25. e6+ Ka8 26. Rc7 Qxe6 27.
Rxb7 Rxh2+ 28. Qxh2 Kxb7 29. Rc1 Nd5 30. Rc4 Qe1+ 31. Qg1 Qh4+ 1/2-1/2

[Event "Interclubs Adultes"]
[Site "NANTES"]
[Date "5.??.??"]
[Round "10.1"]
[White "David, Alberto"]
[Black "Marholev, Dimitar"]
[Result "1/2-1/2"]
[WhiteElo "2562"]
[BlackElo "2400"]
[PlyCount "73"]
[EventDate "5.??.??"]
[WhiteTeam "Clichy II"]
[BlackTeam "C.E. Nantes"]

1. e4 e5 2. Nf3 Nc6 3. Bb5 a6 4. Ba4 Nf6 5. O-O Be7 6. Re1 b5 7. Bb3 d6 8. c3
O-O 9. h3 Na5 10. Bc2 c5 11. d4 Qc7 12. Nbd2 cxd4 13. cxd4 Bb7 14. d5 Bc8 15.
Nf1 Bd7 16. a3 Rfc8 17. Bd3 g6 18. Ng3 Nc4 19. Qe2 Na5 20. Nd2 h5 21. Qd1 h4
22. Ne2 Nh5 23. b4 Nc4 24. Nxc4 bxc4 25. Bc2 Qd8 26. Ba4 Bxa4 27. Qxa4 Bg5 28.
Ra2 Bxc1 29. Rxc1 Nf6 30. Qc2 a5 31. Raa1 Rab8 32. Rab1 Nd7 33. Qd2 axb4 34.
axb4 Kg7 35. Kh2 Ra8 36. Kg1 Qb6 37. Qb2 1/2-1/2

[Event "Interclubs Adultes"]
[Site "NANTES"]
[Date "5.??.??"]
[Round "10.3"]
[White "Pujos, Stephane"]
[Black "Petkov, Vladimir"]
[Result "0-1"]
[WhiteElo "2311"]
[BlackElo "2415"]
[PlyCount "74"]
[EventDate "5.??.??"]
[WhiteTeam "Clichy II"]
[BlackTeam "C.E. Nantes"]

1. d4 Nf6 2. Nf3 e6 3. e3 c5 4. Bd3 Nc6 5. O-O d5 6. b3 Bd6 7. Bb2 cxd4 8. exd4
Nb4 9. Be2 Qc7 10. c4 Ne4 11. Na3 a6 12. c5 Bf4 13. Qe1 Nc6 14. Bd3 f5 15. g3
Bh6 16. b4 O-O 17. Nc2 g5 18. Qe2 Qg7 19. Ne5 Nxe5 20. dxe5 g4 21. f4 gxf3 22.
Rxf3 Bd7 23. Kh1 Be8 24. Nd4 Qc7 25. g4 Bg6 26. Rg1 fxg4 27. Rxg4 Bg7 28. Qg2
Rxf3 29. Nxf3 Rf8 30. Kg1 Qf7 31. Bxe4 dxe4 32. Ng5 Qd7 33. Qe2 e3 34. Rd4 Qb5
35. Qxb5 axb5 36. Rd7 e2 37. Bc3 Bxe5 0-1

[Event "Interclubs Adultes"]
[Site "NANTES"]
[Date "5.??.??"]
[Round "10.4"]
[White "Delaunay, Sebastien"]
[Black "Mullon, Jean-Baptiste"]
[Result "1/2-1/2"]
[WhiteElo "2368"]
[BlackElo "2333"]
[PlyCount "49"]
[EventDate "5.??.??"]
[WhiteTeam "C.E. Nantes"]
[BlackTeam "Clichy II"]

1. Nf3 d5 2. c4 c6 3. d4 Nf6 4. e3 Bg4 5. Nbd2 e6 6. Bd3 Nbd7 7. b3 Bd6 8. Bb2
O-O 9. Qc2 Qb8 10. h3 Bh5 11. Rc1 Re8 12. O-O dxc4 13. Nxc4 Bxf3 14. Nxd6 Qxd6
15. gxf3 Qd5 16. Be2 Qh5 17. Kg2 Nf8 18. f4 Qh4 19. Rg1 Rad8 20. Bf3 Ng6 21.
Kh2 Nd5 22. Rg4 Qe7 23. Qc5 Qc7 24. Rcg1 Kh8 25. a3 1/2-1/2

[Event "Interclubs Adultes"]
[Site "NANTES"]
[Date "5.??.??"]
[Round "10.5"]
[White "Delorme, Axel"]
[Black "Rihouay, Clement"]
[Result "0-1"]
[WhiteElo "2377"]
[BlackElo "2192"]
[PlyCount "90"]
[EventDate "5.??.??"]
[WhiteTeam "Clichy II"]
[BlackTeam "C.E. Nantes"]

1. e4 c5 2. Nf3 d6 3. c3 Nf6 4. h3 Nbd7 5. Bd3 g6 6. Bc2 Bg7 7. O-O O-O 8. d4
b6 9. Bf4 Bb7 10. Nbd2 Re8 11. Bh2 Nf8 12. a4 Rc8 13. a5 cxd4 14. Nxd4 N8d7 15.
Re1 Nc5 16. b4 Ncd7 17. a6 Bc6 18. Nxc6 Rxc6 19. Ra3 Qc8 20. Re3 Rc7 21. f4 Rd8
22. Rd3 Ne8 23. Nb1 b5 24. e5 Rc6 25. Ra5 Rxa6 26. Rxb5 Ra1 27. Rbd5 e6 28.
Rxd6 Nxd6 29. Rxd6 Bf8 30. Rd3 Be7 31. Bg3 Nb6 32. Kh2 Rxd3 33. Qxd3 Qc4 34.
Bf2 Qxf4+ 35. Bg3 Qc4 36. Qf3 Nd5 37. Be4 Ra2 38. Bf2 Qe2 39. Bd4 Qxf3 40. Bxf3
Bd8 41. Bc5 Bg5 42. h4 Bf4+ 43. Kh3 Bxe5 44. c4 Nf4+ 45. Kg4 f5+ 0-1

[Event "Interclubs Adultes"]
[Site "NANTES"]
[Date "5.??.??"]
[Round "10.6"]
[White "Crouan, Stephane"]
[Black "Lagarde, Maxime"]
[Result "1/2-1/2"]
[WhiteElo "2205"]
[BlackElo "2308"]
[PlyCount "95"]
[EventDate "5.??.??"]
[WhiteTeam "C.E. Nantes"]
[BlackTeam "Clichy II"]

1. e4 c5 2. Nf3 d6 3. d4 cxd4 4. Nxd4 Nf6 5. Nc3 a6 6. Bg5 e6 7. f4 Nc6 8. Be2
Qb6 9. Nb3 Be7 10. Qd3 h6 11. Bh4 Nb4 12. Qd2 Nxe4 13. Nxe4 Bxh4+ 14. g3 Be7
15. c4 O-O 16. a3 Nc6 17. Nc1 d5 18. cxd5 exd5 19. Nc3 d4 20. Nd5 Qa7 21. Nd3
Bh3 22. Bf3 Rad8 23. O-O-O Be6 24. Nxe7+ Nxe7 25. Kb1 Nf5 26. Qb4 Ne3 27. Rd2
b5 28. Ne5 Nc4 29. Nc6 Qb6 30. Rd3 a5 31. Qe1 Rde8 32. Nxd4 Bf5 33. Nxf5 Rxe1+
34. Rxe1 Qf6 35. Ne7+ Kh8 36. Re2 Re8 37. Nd5 Rxe2 38. Nxf6 Rxb2+ 39. Kc1 gxf6
40. h4 Kg7 41. Bd5 Re2 42. Bc6 Re3 43. Rxe3 Nxe3 44. Bxb5 Nf5 45. Bd3 Nxg3 46.
f5 Kf8 47. Kb2 Nh5 48. Kb3 1/2-1/2

[Event "Interclubs Adultes"]
[Site "NANTES"]
[Date "5.??.??"]
[Round "10.7"]
[White "Daurelle, Herve"]
[Black "Grill, Marc"]
[Result "1-0"]
[WhiteElo "2242"]
[BlackElo "2168"]
[PlyCount "63"]
[EventDate "5.??.??"]
[WhiteTeam "Clichy II"]
[BlackTeam "C.E. Nantes"]

1. e4 c5 2. Nf3 g6 3. d4 cxd4 4. Nxd4 Nc6 5. Nc3 Bg7 6. Be3 Nf6 7. Bc4 O-O 8.
Bb3 a5 9. O-O d6 10. f3 Nxd4 11. Bxd4 Bd7 12. a4 Bc6 13. Kh1 Nd7 14. Bxg7 Kxg7
15. f4 Nc5 16. Bd5 Qb6 17. f5 f6 18. Qd2 Qb4 19. b3 Rac8 20. Rad1 Bxd5 21. Nxd5
Qxd2 22. Rxd2 Kf7 23. Re1 Rg8 24. Nb6 Rc6 25. Nc4 b6 26. e5 dxe5 27. Rxe5 Nxa4
28. Rde2 Re8 29. Re6 Rxc4 30. fxg6+ hxg6 31. bxc4 g5 32. g4 1-0

[Event "Interclubs Adultes"]
[Site "NANTES"]
[Date "5.??.??"]
[Round "10.8"]
[White "Marchadour, Claire"]
[Black "Marchadour, Emilie"]
[Result "1-0"]
[WhiteElo "2048"]
[BlackElo "2125"]
[PlyCount "143"]
[EventDate "5.??.??"]
[WhiteTeam "C.E. Nantes"]
[BlackTeam "Clichy II"]

1. e4 c5 2. Nf3 e6 3. d4 cxd4 4. Nxd4 Nc6 5. c4 Nf6 6. Nc3 Qc7 7. Ndb5 Qb8 8.
Be3 a6 9. Nd4 Bb4 10. Bd3 O-O 11. O-O Ne5 12. Nde2 Qd6 13. Bf4 Nfg4 14. Nc1 Bc5
15. Qxg4 Nxg4 16. Bxd6 Bxd6 17. Be2 Ne5 18. Na4 Bc7 19. c5 d6 20. cxd6 Bxd6 21.
Nb6 Rb8 22. Nb3 Bc7 23. Nxc8 Rfxc8 24. g3 Bb6 25. Rac1 h6 26. Kg2 Nc6 27. Rfd1
Rd8 28. Rxd8+ Nxd8 29. f4 Kf8 30. e5 Ke7 31. Bf3 f6 32. exf6+ gxf6 33. Nd2 Be3
34. Rc2 Bxd2 35. Rxd2 Rc8 36. Kf2 Rc7 37. g4 Nf7 38. Bd1 Nd6 39. Bf3 Nf7 40.
Bd1 Nd6 41. Bf3 f5 42. g5 hxg5 43. fxg5 Rc4 44. Re2 Kf7 45. b3 Rc7 46. h4 Re7
47. Rd2 Nb5 48. a4 Na7 49. h5 Kg7 50. Rd6 e5 51. Bd5 Nc8 52. Rd8 Nb6 53. Rg8+
Kh7 54. g6+ Kh6 55. Rh8+ Kg5 56. Bf7 Nd7 57. g7 Nf6 58. g8=Q+ Nxg8 59. Rxg8+
Kf4 60. Bc4 e4 61. Rg2 Rh7 62. Be2 e3+ 63. Ke1 Ke4 64. Bd1 Rf7 65. h6 Rh7 66.
Rh2 Kf4 67. Bc2 Rh8 68. Rh5 Kg4 69. Bd1+ Kf4 70. h7 Kg3 71. Rg5+ Kf4 72. Rg7
1-0

[Event "Interclubs Adultes"]
[Site "NANTES"]
[Date "6.??.??"]
[Round "11.1"]
[White "Dumitrache, Dragos-Nicolae"]
[Black "Silva, Sebastian"]
[Result "1/2-1/2"]
[WhiteElo "2508"]
[BlackElo "2369"]
[PlyCount "78"]
[EventDate "6.??.??"]
[WhiteTeam "Guingamp"]
[BlackTeam "Clichy II"]

1. d4 Nf6 2. c4 e6 3. Nf3 Bb4+ 4. Bd2 c5 5. Bxb4 cxb4 6. g3 O-O 7. Bg2 d6 8.
O-O Nc6 9. Nbd2 e5 10. d5 Nb8 11. Ne1 a5 12. Nd3 Na6 13. a3 bxa3 14. Rxa3 Bd7
15. Qa1 a4 16. b4 axb3 17. Rb1 Rc8 18. e4 Nc5 19. Nxc5 Rxc5 20. Raxb3 Bc8 21.
Rb4 Nd7 22. Nb3 Rc7 23. Qa5 g6 24. Rc1 b6 25. Qa3 f5 26. exf5 gxf5 27. Rb5 Qf6
28. Nd2 Rc5 29. Rxc5 Nxc5 30. Rb1 Nd7 31. Qc3 Ba6 32. Ra1 Nc5 33. f4 exf4 34.
Qxf6 Rxf6 35. gxf4 b5 36. cxb5 Bxb5 37. Kf2 Rh6 38. Nf3 Bc4 39. Nd4 Bd3 1/2-1/2

[Event "Interclubs Adultes"]
[Site "NANTES"]
[Date "6.??.??"]
[Round "11.2"]
[White "Pujos, Stephane"]
[Black "Le Roux, Jean-Pierre"]
[Result "1/2-1/2"]
[WhiteElo "2311"]
[BlackElo "2482"]
[PlyCount "89"]
[EventDate "6.??.??"]
[WhiteTeam "Clichy II"]
[BlackTeam "Guingamp"]

1. Nf3 Nf6 2. d4 g6 3. Nc3 Bg7 4. e4 d6 5. Be3 a6 6. Bd3 O-O 7. Qd2 b5 8. Bh6
c5 9. Bxg7 Kxg7 10. e5 Nh5 11. Be4 Ra7 12. g4 Bxg4 13. Rg1 f5 14. Ng5 fxe4 15.
Rxg4 Qc8 16. e6 Nc6 17. dxc5 h6 18. cxd6 exd6 19. O-O-O hxg5 20. Qxg5 Qxe6 21.
Qxh5 Ne5 22. Rg2 Rxf2 23. Rg3 Rf3 24. Qh4 Rxg3 25. hxg3 Qg4 26. Qxg4 Nxg4 27.
Nxe4 Re7 28. Nxd6 Re2 29. b3 Ne3 30. Rd2 Rxd2 31. Kxd2 Nf1+ 32. Kd3 Nxg3 33.
Ne8+ Kf7 34. Nc7 Ke7 35. Nxa6 Kd6 36. Nb4 g5 37. c3 Nh5 38. Nc2 Nf4+ 39. Kd2
Nd5 40. Ne3 Nf6 41. Kd3 Ke5 42. a4 bxa4 43. bxa4 Kd6 44. Kd4 g4 45. Nxg4
1/2-1/2

[Event "Interclubs Adultes"]
[Site "NANTES"]
[Date "6.??.??"]
[Round "11.3"]
[White "De Sousa, Jose-Claude"]
[Black "Mullon, Jean-Baptiste"]
[Result "1-0"]
[WhiteElo "2287"]
[BlackElo "2333"]
[PlyCount "55"]
[EventDate "6.??.??"]
[WhiteTeam "Guingamp"]
[BlackTeam "Clichy II"]

1. e4 e6 2. d4 d5 3. Nc3 Nf6 4. e5 Nfd7 5. f4 c5 6. Nf3 Nc6 7. Be3 a6 8. Qd2 b5
9. a3 c4 10. Ne2 b4 11. axb4 Bxb4 12. c3 Be7 13. g4 Na5 14. Qc2 Nb3 15. Rb1 h5
16. gxh5 Rxh5 17. Ng3 Rh8 18. f5 Nf8 19. Bg2 Qb6 20. O-O Bd7 21. Ng5 Bxg5 22.
Bxg5 Nh7 23. Bh4 Nf8 24. Bg5 Nh7 25. Bh4 Qc6 26. Nh5 Kf8 27. fxe6 Qxe6 28. Nf4
1-0

[Event "Interclubs Adultes"]
[Site "NANTES"]
[Date "6.??.??"]
[Round "11.4"]
[White "Delorme, Axel"]
[Black "Alanic, Xavier"]
[Result "1-0"]
[WhiteElo "2377"]
[BlackElo "2304"]
[PlyCount "67"]
[EventDate "6.??.??"]
[WhiteTeam "Clichy II"]
[BlackTeam "Guingamp"]

1. e4 c6 2. c4 d5 3. cxd5 cxd5 4. exd5 Nf6 5. Qa4+ Bd7 6. Qb3 Na6 7. Nc3 Nc5 8.
Qc2 Rc8 9. Nf3 g6 10. d4 Nce4 11. Qb3 Nxc3 12. bxc3 Qa5 13. Bd2 Qxd5 14. c4
Qe4+ 15. Be3 b6 16. Bd3 Qa8 17. O-O Bg7 18. a4 O-O 19. a5 b5 20. cxb5 Be6 21.
Qa3 Bd5 22. Be2 Ng4 23. Bf4 Rc2 24. Bd1 Rc4 25. Be2 Rc2 26. Rfe1 Re8 27. Rac1
Ra2 28. Qc3 Qd8 29. Bc7 Qa8 30. b6 axb6 31. axb6 Ra3 32. Qc5 Bh6 33. Rc3 Ra5 $4
34. b7 1-0

[Event "Interclubs Adultes"]
[Site "NANTES"]
[Date "6.??.??"]
[Round "11.5"]
[White "Terrieux, Kevin"]
[Black "Lagarde, Maxime"]
[Result "1-0"]
[WhiteElo "2372"]
[BlackElo "2308"]
[PlyCount "69"]
[EventDate "6.??.??"]
[WhiteTeam "Guingamp"]
[BlackTeam "Clichy II"]

1. d4 Nf6 2. c4 g6 3. Nc3 d5 4. cxd5 Nxd5 5. Bd2 Nb6 6. Nf3 Bg7 7. e4 O-O 8.
Be3 Bg4 9. Be2 Bxf3 10. gxf3 Nc6 11. d5 Ne5 12. Qb3 Qc8 13. h4 c6 14. Rc1 c5
15. h5 c4 16. Qd1 f5 17. f4 Nd3+ 18. Bxd3 cxd3 19. e5 Qc4 20. b3 Qb4 21. Qxd3
Rfd8 22. Ke2 e6 23. d6 Kf7 24. Rhg1 Rac8 25. hxg6+ hxg6 26. Bxb6 axb6 27. Qg3
Rd7 28. Qxg6+ Kf8 29. Qxe6 Rxc3 30. Rxc3 Qxc3 31. Qxd7 Qc2+ 32. Kf3 Qd3+ 33.
Kg2 Qe4+ 34. Kg3 Qd3+ 35. Kh2 1-0